00726nam a2200169 a 450000100100000000500170001000800410002704000250006808200150009310000310010824500820013926000510022130000360027295201130030895201180042199900170053900003657720200930075816.0120120s1985 xxud 000 0 eng d aDO-SdBNPbspacBNPHU axxxbC841n1 aCostello, Dennis R.96284710aNew venture analysis :bResearch, planning and finance /cDennis R. Costello. aDow-Jones, Illinois :bDow Jones-Irwin,c1985. axii, 190 p. :bdiagr. ;c24 cm. 001050718MOaGRbGRcCTd2012-01-20iLF1l0oxxx C841np36577-10r2020-06-25w2020-06-25y1ZNo se presta 001050718MOaGRbGRcCTd2012-01-20iLF1l0oxxx C841np36577-20r2020-06-25te.2w2020-06-25y1ZNo se presta c36068d36068